Cuando las mujeres mandan /

Guardat en:
Dades bibliogràfiques
Autor principal: Cordero Ulate, Allen
Altres autors: coord
Format: Desconegut
Publicat: San José: FLACSO. Programa Costa Rica
Matèries:
Etiquetes: Afegir etiqueta
Sense etiquetes, Sigues el primer a etiquetar aquest registre!

MARC

LEADER 00000 a2200000 04500
001 11826
003
008 991231s d
040
090 |a 140902  
100 |a Cordero Ulate, Allen  
245 |a Cuando las mujeres mandan /  |c Allen Cordero Ulate  
260 |a San José:   |b FLACSO. Programa Costa Rica  
300 |a 270 p.  
650 |a FAMILIA  
650 |a COMPOSICION FAMILIAR  
650 |a FORMACION DE HOGARES  
650 |a HOGAR  
650 |a POBREZA  
700 |a coord  
999 |c 5101  |d 5101